000 00581cam a22001691 4500
082 _a537
_bDUN
100 1 _aJ. Duncan
_949859
245 0 2 _aA text book of physics for the use of students of science and engineering,
_cby J. Duncan ... and S. G. Starling.
260 _aLondon,
_bMacmillan and co., limited,
_c1919.
300 _axii, 1064 p.
_billus.
_c21 cm.
500 _a"First edition 1918. Reprinted ... 1919... 1931.
526 _a0
_b0
_c0
_d537_000000000000000_DUN
650 0 _aMCE
_9379
650 0 _aPhysics.
700 1 _aStarling, Sydney G.
_939759
942 _2ddc
_cBK
999 _c552603
_d552603